[Event "CRI-ch qual"]
[Site "San Jose"]
[Date "2005.06.22"]
[Round "8"]
[White "Aguilar Pina, Luis Gerardo"]
[Black "Barrios, Carlos"]
[Result "0-1"]
[WhiteElo "2010"]
[BlackElo "2034"]
[PlyCount "92"]
[EventDate "2005.06.??"]
[EventType "swiss"]
[EventRounds "9"]
[EventCountry "CRI"]
[SourceTitle "EXT 2006"]
[Source "ChessBase"]
[SourceDate "2005.11.24"]
[SourceVersion "1"]
[SourceVersionDate "2005.11.24"]
[SourceQuality "1"]

1. e4 Nf6 2. e5 Nd5 3. d4 d6 4. c4 Nb6 5. exd6 cxd6 6. Nc3 g6 7. Nf3 Bg7 8. Bd3 Bg4 9. h3 Bxf3 10. Qxf3 Nc6 11. d5 Ne5 12. Qe2 Rc8 13. Be3 Nxd3+ 14. Qxd3 Nxc4 15. Bd4 Bxd4 16. Qxd4 0-0 17. 0-0 Qb6 18. Qh4 Qxb2 19. Ne4 Rc7 20. Rab1 Qg7 21. Kh1 h6 22. f4 f5 23. Ng3 Ne3 24. Rfc1 Rxc1+ 25. Rxc1 Nxd5 26. Re1 Rc8 27. Ne2 e5 28. Rd1 Nxf4 29. Nxf4 exf4 30. Rxd6 f3 31. Rd8+ Rxd8 32. Qxd8+ Kh7 33. gxf3 Qa1+ 34. Kg2 Qxa2+ 35. Kg3 Qf7 36. Qa8 Qc7+ 37. Kf2 b5 38. Qd5 b4 39. h4 h5 40. Ke3 a5 41. Qb5 Qc3+ 42. Kf4 b3 43. Kg5 b2 44. Qb6 Qg7 45. Qb5 Qe7+ 46. Kf4 Qb4+ 0-1

[Event "CRI-ch"]
[Site "Costa Rica"]
[Date "1997.??.??"]
[Round "4"]
[White "Barrios, Carlos"]
[Black "Murillo Tsijli, Alexis"]
[Result "0-1"]
[WhiteElo "2000"]
[BlackElo "2250"]
[PlyCount "64"]
[EventDate "1997.??.??"]
[EventType "tourn"]
[EventRounds "19"]
[EventCountry "CRI"]
[SourceTitle "EXT 1999"]
[Source "ChessBase"]
[SourceDate "1998.11.16"]
[SourceVersion "1"]
[SourceVersionDate "1998.11.16"]
[SourceQuality "1"]

1. c4 Nf6 2. Nc3 e6 3. g3 c5 4. Bg2 Nc6 5. e3 Qc7 6. Nge2 a6 7. 0-0 b6 8. b3 Bb7 9. d4 Be7 10. dxc5 Bxc5 11. Bb2 Be7 12. Qd2 Rc8 13. Rfd1 Ne5 14. e4 0-0 15. h3 d6 16. Qe1 Rfe8 17. Bc1 d5 18. exd5 exd5 19. cxd5 Bb4 20. Bd2 Nd3 21. Qf1 Qe5 22. a3 Bc5 23. Be3 Nb2 24. Bxc5 Rxc5 25. Rdc1 Nxd5 26. Nxd5 Bxd5 27. Bxd5 Qxd5 28. Nf4 Qxb3 29. Qxa6 Nc4 30. a4 g6 31. Nd5 Rxd5 32. Qxc4 Rd1+ 0-1

[Event "CRI-ch"]
[Site "Costa Rica"]
[Date "1997.??.??"]
[Round "8"]
[White "Barrios, Carlos"]
[Black "Ugalde Garcia, Ronald"]
[Result "0-1"]
[WhiteElo "2000"]
[BlackElo "2165"]
[PlyCount "44"]
[EventDate "1997.??.??"]
[EventType "tourn"]
[EventRounds "19"]
[EventCountry "CRI"]
[SourceTitle "EXT 1999"]
[Source "ChessBase"]
[SourceDate "1998.11.16"]
[SourceVersion "1"]
[SourceVersionDate "1998.11.16"]
[SourceQuality "1"]

1. c4 g6 2. Nc3 Bg7 3. g3 e5 4. Bg2 Nc6 5. e3 f5 6. Nge2 Nf6 7. d3 d6 8. 0-0 0-0 9. Rb1 Be6 10. Nd5 Bxd5 11. cxd5 Ne7 12. e4 Kh8 13. f4 c6 14. Nc3 cxd5 15. exd5 Qb6+ 16. Kh1 exf4 17. gxf4 Ng4 18. Qf3 Bxc3 19. h3 Nf6 20. Qe2 Bd4 21. Bd2 Rae8 22. Qd1 Nexd5 0-1